Medio ambiente (Record no. 101542)

MARC details
000 -LEADER
campo de control de longitud fija 00824nam a2200217 i 4500
001 - NÚMERO DE CONTROL
campo de control 101542
003 - IDENTIFICADOR DE NÚMERO DE CONTROL
campo de control ES-MaACL
005 - FECHA Y HORA DE LA ÚLTIMA TRANSACCIÓN
campo de control 20250902040136.0
007 - CAMPO FIJO DE DESCRIPCIÓN FÍSICA--INFORMACIÓN GENERAL
campo de control de longitud fija t|
008 - DATOS DE LONGITUD FIJA--INFORMACIÓN GENERAL
campo de control de longitud fija 051020s1981 sp ||||1| spa d
245 00 - MENCIÓN DEL TÍTULO
Título Medio ambiente
Resto del título : formación, investigación y experiencias /
Mención de responsabilidad, etc. Albert Sasson... [et al.].
260 ## - PUBLICACIÓN, DISTRIBUCIÓN, ETC.
Lugar de publicación, distribución, etc. Madrid :
Nombre del editor, distribuidor, etc. Fundación Universidad Empresa,
Fecha de publicación, distribución, etc. 1981.
300 ## - DESCRIPCIÓN FÍSICA
Extensión 234 p. :
Otras características físicas il. ;
Dimensiones 22 cm.
490 1# - MENCIÓN DE SERIE
Mención de serie Forum Universidad-Empresa
500 ## - NOTA GENERAL
Nota general VII Seminario Universidad-Empresa sobre las relacciones Universidad-Empresa en el campo de las ciencias ambientuales.
700 1# - ENTRADA AGREGADA--NOMBRE PERSONAL
Nombre de persona Sasson, Albert.
9 (RLIN) 103912
710 2# - ENTRADA AGREGADA--NOMBRE DE ENTIDAD CORPORATIVA
Nombre de entidad corporativa o nombre de jurisdicción como elemento de entrada Fundación Universidad-Empresa (Madrid)
9 (RLIN) 4424
830 0# - PUNTO DE ACCESO ADICIONAL DE SERIE-TÍTULO UNIFORME
Título uniforme Forum Universidad-Empresa
9 (RLIN) 184606
852 ## - LOCALIZACIÓN
Ubicación ES-MaACL
Número de control de estantería L-1628
Sublocalización o colección R.102277
Holdings
Estatus retirado Estado de pérdida Estado de daño No para préstamo Biblioteca de origen Biblioteca actual Ubicación en estantería Fecha de adquisición Fuente de adquisición Total de préstamos Signatura topográfica completa Código de barras Visto por última vez Precio de reemplazo Tipo de ítem Koha
        Biblioteca del Ateneo de Madrid Biblioteca del Ateneo de Madrid Depósito 2 17/01/2008     L-1628 1106009 23/02/2023 23/02/2023 Libro impreso